Normal view
MARC view
- Ericson,Jon L.
Entry Personal Name
001 - CONTROL NUMBER
- control field: 37613
003 - CONTROL NUMBER IDENTIFIER
- control field: OSt
005 - DATE AND TIME OF LATEST TRANSACTION
- control field: 20190315113831.0
008 - FIXED-LENGTH DATA ELEMENTS
- fixed length control field: 190315|| aca||aabn | a|a d
040 ## - CATALOGING SOURCE
- Original cataloging agency: OSt
- Transcribing agency: OSt
100 ## - HEADING--PERSONAL NAME
- Personal name: Ericson,Jon L.
670 ## - SOURCE DATA FOUND
- Source citation: Work cat.: (OSt): Slaughter,Jim . 37611, Notes and comments on Robert's rules /, ©2012.
